000 00447 a2200145 4500
041 _aEng
082 _aCD7199
100 _aKhanal, Puspa
245 _aLearning strategies adopted by grade eight students in community-AIDED schools.
260 _aKathmandu:
_c2011
502 _aDissertation
_bDegree in education
_cT. U.
650 _aEducational psychology
_aLearning methods
_aLearning process
653 _aEnglish education
942 _2ddc
_cVM
999 _c69068
_d69054